000 00725nam a2200289Ia 4500
005 20260324122005.0
008 008 260324s9999 xx 000 0 eng d
020 _a9781315555874
037 _aEBOOK
040 _aCRL
040 _beng
040 _cCRL
041 _2eng
041 _aeng
084 _qCRL
100 _aJohn K. Walton; Jason Wood
_91164677
245 4 _aThe Making of a Cultural Landscape
245 4 _bThe English Lake District as Tourist Destination, 1750-2010
260 _bTaylor and Francis
260 _c2013
365 _a
365 _b240
856 _uhttp://www.taylorfrancis.com/books/9781315555874
942 _cEBOOK
999 _c1757101
_d1757101